| 000 | 00364 a2200169 4500 | ||
|---|---|---|---|
| 001 | 47761 | ||
| 020 | _a9788532290564 | ||
| 040 | _cAnchieta - Aquarius | ||
| 100 | _aKondo, André | ||
| 240 | 1 | 0 |
_aO pequeno Samurai _lpor |
| 245 | 1 | 0 | _aO pequeno Samurai |
| 300 | _a61 | ||
| 362 | 0 | _a2014 | |
| 440 | 1 | _aFTD | |
| 650 | 4 | _aLiteratura infanto-juvenil | |
| 942 | _cBK | ||
| 999 |
_c47761 _d47761 |
||